Welcome to WEB OPAC of MRSPTU Central Library

Digital modulation and coding (Record no. 5998)

MARC details
000 -LEADER
fixed length control field 00418nam a2200169Ia 4500
008 - FIXED-LENGTH DATA ELEMENTS--GENERAL INFORMATION
fixed length control field 230711s9999||||xx |||||||||||||| ||und||
020 ## - INTERNATIONAL STANDARD BOOK NUMBER
International Standard Book Number 978-81-317-2143-8
041 ## - LANGUAGE CODE
Language code of text/sound track or separate title ENG
082 ## - DEWEY DECIMAL CLASSIFICATION NUMBER
Classification number 621.381536
Item number WI-D
100 ## - MAIN ENTRY--PERSONAL NAME
Personal name Wilson,Stephen G
245 #0 - TITLE STATEMENT
Title Digital modulation and coding
250 ## - EDITION STATEMENT
Edition statement 1st Ed.
260 ## - PUBLICATION, DISTRIBUTION, ETC.
Date of publication, distribution, etc. 2009
Place of publication, distribution, etc. New Delhi
Name of publisher, distributor, etc. Pearson
300 ## - PHYSICAL DESCRIPTION
Extent 677p.
650 ## - SUBJECT ADDED ENTRY--TOPICAL TERM
Topical term or geographic name entry element Electronics Engineering
942 ## - ADDED ENTRY ELEMENTS (KOHA)
Koha item type Book
Holdings
Withdrawn status Lost status Damaged status Not for loan Collection Home library Current library Date acquired Cost, normal purchase price Inventory number Total checkouts Full call number Barcode Date last seen Price effective from Koha item type Source of acquisition
          MRSPTU Central Library MRSPTU Central Library   829.00 6642487   621.381536 WI-D 32587 08/17/2023 08/17/2023 Book  
          MRSPTU Central Library MRSPTU Central Library   829.00 6642487   621.381536 WI-D 32588 08/17/2023 08/17/2023 Book  
          MRSPTU Central Library MRSPTU Central Library   829.00 6642487   621.381536 WI-D 32589 08/17/2023 08/17/2023 Book  
          MRSPTU Central Library MRSPTU Central Library   869.00 KBD/2016-2017/961542808   621.381536 WI-D 36041 08/17/2023 08/17/2023 Book Krishna Book Distributors
          MRSPTU Central Library MRSPTU Central Library   869.00 KBD/2016-2017/961542808   621.381536 WI-D 36042 08/17/2023 08/17/2023 Book Krishna Book Distributors
          MRSPTU Central Library MRSPTU Central Library   869.00 KBD/2016-2017/961542808   621.381536 WI-D 36043 08/17/2023 08/17/2023 Book Krishna Book Distributors
          MRSPTU Central Library MRSPTU Central Library   869.00 KBD/2016-2017/961542808   621.381536 WI-D 36044 08/17/2023 08/17/2023 Book Krishna Book Distributors
          MRSPTU Central Library MRSPTU Central Library   869.00 KBD/2016-2017/961542808   621.381536 WI-D 36045 08/17/2023 08/17/2023 Book Krishna Book Distributors

Website Designed and Developed by MRSPTU Central Library Team

E-mail Id: librarian@mrsptu.ac.in